| 000 | 02082nam a2200433 c 4500 | ||
|---|---|---|---|
| 003 | BLK | ||
| 005 | 20241216103838.0 | ||
| 008 | 180411b bul|||||r ||||||| ||bul|| | ||
| 010 | _aKNG00179751000 | ||
| 020 |
_a978-619-152-498-3 _bиздат.: Изток-Запад |
||
| 040 | _aBLK | ||
| 041 |
_aBUL _cBUL |
||
| 072 | 7 |
_2bullib _aН15 _xПсихология Н |
|
| 080 |
_aВисши психически процеси _b159.95 _x _z159.95 |
||
| 080 |
_aЕволюционно учение. Дарвинизъм. Видообразуване. Филогенез - Борба за съществуване, изолация, адаптация, отбор и др. Биомакромолекули, молекулярна еволюция, клетки и субклетъчни структури, тъ _b575.8 _x _z575.8 |
||
| 100 | 1 |
_aСейгън, Карл _eпърви автор _9119422 |
|
| 700 | 1 |
_aБоринова, Милена _eпрев. от англ. _941580 |
|
| 139 |
_aСейгън, Карл _bС 30 |
||
| 245 | 1 | 0 |
_aДракони в райската градина _bРазмисли върху еволюцията на човешкия интелект _cКарл Сейгън; прев. от англ. Милена Боринова. |
| 257 | _aUSA | ||
| 260 |
_аСофия _bИзток-Запад _c2014 |
||
| 300 |
_a259 с. _c22 см |
||
| 380 | _a1 | ||
| 500 | _aОриг. загл.: The dragons of edem / Carl Sagan. - Библиогр.: с. 234-242. - Азб. показалец. | ||
| 650 | 4 |
_aИнтелект _9157292 |
|
| 650 | 4 |
_aГлавен мозък _9270033 |
|
| 650 | 4 |
_aЕволюция _9154115 |
|
| 653 | _aеволюция | ||
| 653 | _aчовешка природа | ||
| 653 | _aчовешки мозък | ||
| 653 | _aинтелектуално развитие | ||
| 659 | _aН | ||
| 852 | _aЦб 275944 | ||
| 856 | 4 |
_qpdf _u |
|
| 856 | 4 |
_qpdf _u |
|
| 942 |
_cKNG _n0 _04 |
||
| 944 |
_aCR _c13.08.2015 _k30576 _lЦветомила Тодорова |
||
| 944 |
_aED _c08.12.2015 _kГеновева_Генчева |
||
| 999 |
_c171479 _d171479 |
||